| 000 | 01301nam0a2200313 4500 | ||
|---|---|---|---|
| 001 | RU\NLR\BIBL_A\012746897 | ||
| 005 | 20220421111307.0 | ||
| 021 |
_aRU _bКН-П-22-058048 _9КН-П-22-5040 |
||
| 035 | _a(NLR Aleph) 012746897 | ||
| 090 |
_a13019830 _c13019830 |
||
| 100 | _a20220331d2021 u y0rusy50 ca | ||
| 101 | 0 | _arus | |
| 102 | _aRU | ||
| 105 | _ay g 000zy | ||
| 181 | 0 |
_ai4 _baxxe |
|
| 182 | 0 | _an | |
| 200 | 1 |
_aРусская философия права _eматериалы к библиографии _fсоставители: Б. В. Емельянов, О. Б. Ионайтис |
|
| 203 |
_aТекст _bвизуальный _cнепосредственный |
||
| 210 |
_aЕкатеринбург _cГуманитарный университет _d2021 |
||
| 215 |
_a87 с. _d21 |
||
| 606 | 1 |
_aПраво _xФилософские вопросы _yРоссия _jБиблиография _2nlr_sh2 _3RU\NLR\AUTH\6601574037 |
|
| 686 | 1 |
_aЮ252 _bХ.я1 |
|
| 686 | 1 | _aХ082.2,0я1 | |
| 702 | 1 |
_aЕмельянов _bБ. В. _cд-р филос. наук _f1935- _gБорис Владимирович _3RU\NLR\AUTH\7741527 _4220 |
|
| 942 | _cBOOK | ||
| 980 | _aNB | ||